StarLite's Wrestling Picture Quiz #8: Movie Roles - Statistics

General Stats
  • This quiz has been taken 9 times
  • The average score is 11 of 16
Answer Stats
Picture Answer % Correct
The Rock
100%
John Cena
88%
Andre the Giant
75%
Batista
75%
Cody Rhodes
75%
Hulk Hogan
75%
Kevin Nash
75%
Randy "Macho Man" Savage
75%
Roman Reigns
75%
Ronda Rousey
75%
Seth Rollins
75%
Triple H
75%
Becky Lynch
63%
Chris Jericho
50%
Jesse Ventura
38%
Trish Stratus
38%
No matching quizzes found
Score Distribution
Percent of People with Each Score
Percentile by Number Answered
Your Score History
You have not taken this quiz